Golden Globes-Best Actor: Drama - Statistics

General Stats
  • This quiz has been taken 231 times
  • The average score is 37 of 66
Answer Stats
Year Film Winner % Correct
2016 The Revenant Leonardo DiCaprio
99%
2013 Lincoln Daniel Day-Lewis
87%
2011 The King's Speech Colin Firth
86%
2001 Cast Away Tom Hanks
86%
1995 Forrest Gump Tom Hanks
86%
2014 Dallas Buyers Club Matthew McConaughey
85%
2005 The Aviator Leonardo DiCaprio
84%
1994 Philadelphia Tom Hanks
83%
1999 The Truman Show Jim Carrey
82%
2015 The Theory of Everything Eddie Redmayne
81%
2002 A Beautiful Mind Russell Crowe
81%
2008 There Will Be Blood Daniel Day-Lewis
80%
1989 Rain Man Dustin Hoffman
80%
2007 The Last King of Scotland Forest Whitaker
80%
1976 One Flew Over the Cuckoo's Nest Jack Nicholson
79%
1973 The Godfather Marlon Brando
79%
2004 Mystic River Sean Penn
79%
1993 Scent of a Woman Al Pacino
78%
1983 Gandhi Ben Kingsley
77%
2010 Crazy Heart Jeff Bridges
77%
1988 Wall Street Michael Douglas
77%
2006 Capote Philip Seymour Hoffman
77%
1981 Raging Bull Robert De Niro
76%
2009 The Wrestler Mickey Rourke
74%
1996 Leaving Las Vegas Nicolas Cage
74%
1980 Kramer vs. Kramer Dustin Hoffman
73%
1990 Born on the Fourth of July Tom Cruise
71%
2012 The Descendants George Clooney
69%
2003 About Schmidt Jack Nicholson
68%
1975 Chinatown Jack Nicholson
67%
1970 True Grit John Wayne
66%
1974 Serpico Al Pacino
62%
1955 On the Waterfront Marlon Brando
62%
1972 The French Connection Gene Hackman
60%
1985 Amadeus F. Murray Abraham
59%
1997 Shine Geoffrey Rush
59%
1963 To Kill a Mockingbird Gregory Peck
59%
1958 The Bridge on the River Kwai Alec Guinness
54%
1971 Patton George C. Scott
53%
1982 On Golden Pond Henry Fonda
52%
2000 The Hurricane Denzel Washington
51%
1991 Reversal of Fortune Jeremy Irons
50%
1977 Network Peter Finch
46%
1984 Tender Mercies Robert Duvall
46%
1979 Coming Home Jon Voight
43%
1964 Lilies of the Field Sidney Poitier
40%
1992 The Prince of Tides Nick Nolte
39%
1968 In the Heat of the Night Rod Steiger
38%
1953 High Noon Gary Cooper
37%
1998 Ulee's Gold Peter Fonda
37%
1966 Doctor Zhivago Omar Sharif
36%
1956 Marty Ernest Borgnine
35%
1962 Judgment at Nuremberg Maximilian Schell
35%
1961 Elmer Gantry Burt Lancaster
31%
1959 Separate Tables David Niven
28%
1951 Cyrano De Bergerac Jose Ferrer
28%
1967 A Man for All Seasons Paul Schofield
28%
1969 The Lion in Winter Peter O'Toole
28%
1987 Mona Lisa Bob Hoskins
26%
1965 Becket Peter O'Toole
19%
1986 Runaway Train Jon Voight
17%
1957 Lust for Life Kirk Douglas
16%
1978 Equus Richard Burton
16%
1960 Career Anthony Franciosa
5%
1952 Death of a Salesman Fredric March
5%
1954 The Actress Spencer Tracy
4%
No matching quizzes found
Score Distribution
Percent of People with Each Score
Percentile by Number Answered
Your Score History
You have not taken this quiz